| 000 | 00521nam a22001817a 4500 | ||
|---|---|---|---|
| 005 | 20251108164018.0 | ||
| 008 | 250721s1996 xx 000 0 ara d | ||
| 082 | 1 | 4 | _a137/عوي |
| 100 | 1 | _aعويضه، كامل محمد محمد | |
| 245 | 1 | 0 | _aعلم نفس الشخصية / |
| 264 | 1 |
_aبيروت : _bدار الكتب العلمية، _c1996. |
|
| 300 | _a247ص | ||
| 490 | 0 | _aسلسلة علم النفس ؛ 14 | |
| 650 | 1 | 7 | _aالشخصية |
| 650 | 1 | 7 | _aعلم النفس |
| 942 |
_2ddc _cBK |
||
| 999 |
_c1384 _d1384 |
||